Matematika I.

Salvato in:
Dettagli Bibliografici
Autori principali: Kluvánek, Igor (Autore), Mišík, Ladislav (Autore), Švec, Marko (Autore)
Natura: Libro
Lingua:slovacco
Pubblicazione: Bratislava : Slovenské vydavateľstvo technickej literatúry, 1966
Edizione:3.nezmenené vyd.
Tags: Aggiungi Tag
Nessun Tag, puoi essere il primo ad aggiungerne!!

MARC

LEADER 00000nam a22000003a 4500
001 stu81908
005 20150617225637.4
008 030926s1966----cs------------------slo-d
040 |a STU  |b slo 
041 0 |a slo 
044 |a cs 
080 |a 517(075.8) 
100 1 |a Kluvánek, Igor  |4 aut 
245 1 |a Matematika I. 
250 |a 3.nezmenené vyd. 
260 |a Bratislava :  |b Slovenské vydavateľstvo technickej literatúry,  |c 1966 
300 |a 758 s 
700 1 |a Mišík, Ladislav  |4 aut 
700 1 |a Švec, Marko  |4 aut 
996 |b 284V027508  |c V*2464/O-384 I  |l VVT  |s A  |a 24  |w stu81908_0001